Pokémon with Same First and Last Letters - Statistics

General Stats
  • This quiz has been taken 350 times
    302 since last reset
  • The average score is 11 of 31
Answer Stats
Answer % Correct
Abra
80%
Eevee
66%
Girafarig
66%
Piplup
53%
Ho-Oh
50%
Prinplup
49%
Electrode
46%
Alomomola
45%
Electivire
43%
Nidoran
43%
Electrike
41%
Oricorio
39%
Klink
37%
Altaria
36%
Amaura
33%
Nidoqueen
33%
Solosis
33%
Exeggcute
31%
Krokorok
31%
Tyrunt
28%
Shellos
26%
Rhyperior
25%
Medicham
24%
Mothim
23%
Meganium
22%
Noivern
22%
Grumpig
20%
Trevenant
18%
Delibird
17%
Torracat
15%
Phantump
14%
No matching quizzes found
Score Distribution
Percent of People with Each Score
Percentile by Number Answered
Your Score History
You have not taken this quiz since the last reset